000 00506cam a2200205ua 4500
001 4150
008 150220n ii |||gr||||Z||||||asm
020 _a81-87866-08-X
040 _cMAIN
041 _aasm
082 _a891.4513
100 _aSaikia, Pradip,
245 _aBishwa yuddhar agnipath
_cby Pradip Saikia
250 _a1st.
260 _aGuwahati:
_bPuberun Prakash,
_c2000.
300 _a144p:
_c23cm.
653 _aAssamese short stories
653 _aBishwa yuddhar agnipath
942 _cBK
999 _c3972
_d3972